000 00491nam a2200181Ia 4500
005 20250326142356.0
008 250326s9999 xx 000 0 und d
037 _aTextbook
040 _aFMSL
_beng
_cFMSL
041 _aeng
_2eng
084 _aX:89ZB M7
_qFMSL
100 _aR I S
_9745374
245 0 _aUnctad VII and the global challenge
_cR I S
260 _aNew Delhi
_bNew Delhi, R I S
_c1987
300 _a357p
942 _cTB
_hX:89ZB M7
999 _c1294723
_d1294723